The noble scholar, jurist, historian


 His Excellency Dr. Abdul Wahhab bin Ibrahim Abu Sulaiman, may Allah have mercy on him.


 He was born in Umm Al-Qura in the year 1356 AH.

مطمح الأنفس ومسرح التأنس في ملح أهل الأندلس / (Record no. 13371)

MARC details
000 -LEADER
fixed length control field 01350cam a2200289 i 4500
003 - CONTROL NUMBER IDENTIFIER
control field SA-RiAUC
005 - DATE AND TIME OF LATEST TRANSACTION
control field 20251120124724.0
008 - FIXED-LENGTH DATA ELEMENTS--GENERAL INFORMATION
fixed length control field 251005s1983 le g 00100cara c
040 ## - CATALOGING SOURCE
Original cataloging agency SA-JeALM
Language of cataloging ara
Transcribing agency SA-RiAUC
Description conventions rda
082 04 - DEWEY DECIMAL CLASSIFICATION NUMBER
Classification number 928.1
090 ## - LOCALLY ASSIGNED LC-TYPE CALL NUMBER (OCLC); LOCAL CALL NUMBER (RLIN)
Classification number (OCLC) (R) ; Classification number, CALL (RLIN) (NR) 928.1
Local cutter number (OCLC) ; Book number/undivided call number, CALL (RLIN) ا ب ن خ
100 1# - MAIN ENTRY--PERSONAL NAME
Personal name ابن خاقان، الفتح بن محمد بن عبيد الله،
Dates associated with a name 480-528 هجري
Relator term مؤلف.
245 10 - TITLE STATEMENT
Title مطمح الأنفس ومسرح التأنس في ملح أهل الأندلس /
Statement of responsibility, etc. تأليف أبي نصر الفتح بن محمد بن عبيد الله بن خاقان ؛ دراسة وتحقيق محمدعلي شوابكة.
250 ## - EDITION STATEMENT
Edition statement الطبعة الأولى.
264 #1 - PRODUCTION, PUBLICATION, DISTRIBUTION, MANUFACTURE, AND COPYRIGHT NOTICE
Place of production, publication, distribution, manufacture عمان، الأردن :
Name of producer, publisher, distributor, manufacturer دار عمار،
-- مؤسسة الرسالة.
Date of production, publication, distribution, manufacture, or copyright notice 1983
300 ## - PHYSICAL DESCRIPTION
Extent 464 صفحة ؛
Dimensions 24 سم
336 ## - CONTENT TYPE
Content type term نص
Content type code txt
Source rdacontent
Materials specified كتاب
337 ## - MEDIA TYPE
Media type term بدون وسيط
Media type code n
Source rdamedia
338 ## - CARRIER TYPE
Carrier type term مجلد
Carrier type code nc
Source rdacarrier
650 #7 - SUBJECT ADDED ENTRY--TOPICAL TERM
Topical term or geographic name entry element الأدب العربي
Geographic subdivision الأندلس
Source of heading or term aucsh
650 #7 - SUBJECT ADDED ENTRY--TOPICAL TERM
Topical term or geographic name entry element الأدب العربي
Geographic subdivision الأندلس
Chronological subdivision المرابطون، 1086-1146
Source of heading or term aucsh
650 #7 - SUBJECT ADDED ENTRY--TOPICAL TERM
Topical term or geographic name entry element الأدباء الأندلسيون
Form subdivision تراجم
Source of heading or term aucsh
651 #7 - SUBJECT ADDED ENTRY--GEOGRAPHIC NAME
Geographic name الأندلس
Form subdivision تراجم
Source of heading or term aucsh
700 1# - ADDED ENTRY--PERSONAL NAME
Personal name شوابكة، محمد علي
Relator term محقق.
942 ## - ADDED ENTRY ELEMENTS (KOHA)
Source of classification or shelving scheme Dewey Decimal Classification
Koha item type Books
Suppress in OPAC No
949 ## - LOCAL PROCESSING INFORMATION (OCLC)
a SA-JeALM
d 251005
u osman123
n 1
Holdings
Withdrawn status Lost status Source of classification or shelving scheme Damaged status Not for loan Home library Current library Date acquired Total checkouts Full call number Barcode Date last seen Price effective from Koha item type
    Dewey Decimal Classification     DR AbdElwahab Library DR AbdElwahab Library 11/20/2025   928.1 ا ب ن خ 000021310 11/20/2025 11/20/2025 Books